000 00776nam a2200241 a 4500
005 20240228064035.0
008 120426s2006 es r 000 0 spa d
020 _a9788498110432 (13 dígitos)
020 _a8498110432 (10 dígitos)
035 _aUPN01000184272
049 _aI
050 4 _aPN56
_bP8.6
100 1 _aPuerto, Carlos,
_d1942-
_930387
245 1 3 _aLa pesadilla de los monstruos /
_cCarlos Puerto ; il. Teresa Novoa.
260 _aMadrid :
_bPlaneta :
_bOxford University,
_c2006.
300 _a196 p. :
_bil.
440 0 _aCamaleón ;
_v14.
_pAzul. A partir de 12 años
650 4 _aMONSTRUOS EN LA LITERATURA
_98839
650 0 _aHistorias de aventuras
_94131
650 4 _aLibros y lectura para niños
_92290
905 _aInfantil
999 _c156375
_d156375